|
|
|
แสดงรายละเอียดบรรณานุกรม |
|
|
Brief Record
: Get Marc (ISO 2709)
: E-mail record
: |
|
|
| LEADER 00000nam 2200000uu 4500 | |||
| 001 13399128785 | |||
| 003 BCNR | |||
| 008 260501s2568||||th 000 0 tha d | |||
| 020 ^a9786166210545 | |||
| 041 ^atha | |||
| 060 4 ^aWS300^bS959 2568 | |||
| 245 00 ^aSupportive care in pediatric hematology and oncology :^ba holistic approach /^cดารินทร์ ซอโสตถิกุล, บรรรณาธิการ | |||
| 250 ^aพิมพ์ครั้งที่ 1 | |||
| 260 ^aกรุงเทพฯ :^bสาขาวิชาโลหิตวิทยาและมะเร็งเด็ก ภาควิชากุมารเวชศาสตร์ คณะแพทยศาสตร์ จุฬาลงกรณ์มหาวิทยาลัย,^c2568 | |||
| 300 ^a272 หน้า :^bภาพประกอบสี, ตาราง ;^c21 ซม. | |||
| 505 0 ^aบทที่ 1 การจัดการความปวดแบบเฉียบพลันในเด็ก -- บทที่ 2 การจัดการภาวะแทรกซ้อนจากการติดเชื้อในผู้ป่วยเด็กโรคมะเร็ง -- บทที่ 3 การดูแลเมื่อเกิดภาวะเม็ดเลือดต่ำในโรคเลือดและมะเร็ง -- บทที่ 4 บทบาทของการดูแลแบบประคับประคองในโรคโลหิตวิทยาในเด็ก -- บทที่ 5 ภาวะไข้ร่วมกับเม็ดเลือดขาวชนิดนิวโทรฟิลต่ำในผู้ป่วยเด็กโรคมะเร็ง บทที่ 6 ปัญหาในระบบทางเดินอาหารที่พบบ่อยในการรักษาผู้ป่วยเด็กโรคมะเร็ง -- บทที่ 7 การดูแลด้านโภชนาการในผู้ป่วยเด็กโรคมะเร็ง -- บทที่ 8 การให้เลือดและส่วนประกอบของเลือดในผู้ป่วยเด็กโรคเลือดและมะเร็ง -- บทที่ 9 บทบาทของพันธุศาสตร์ในโรคโลหิตวิทยา -- บทที่ 10 การวินิจฉัยและการตรวจทางห้องปฏิบัติการทางโลหิตวิทยาและมะเร็งในเด็ก | |||
| 650 4 ^aโลหิตวิทยา^xในวัยทารกและวัยเด็ก | |||
| 650 4 ^aมะเร็ง^xในวัยทารกและวัยเด็ก | |||
| 650 4 ^aมะเร็งในเด็ก | |||
| 650 7 ^aโลหิตวิทยา | |||
| 700 0 ^aดารินทร์ ซอโสตถิกุล,^eบรรรณาธิการ | |||
| 710 2 ^aจุฬาลงกรณ์มหาวิทยาลัย. ^bคณะแพทยศาสตร์.^bภาควิชากุมารเวชศาสตร์.^bสาขาวิชาโลหิตวิทยาและมะเร็งเด็ก | |||
| 999 ^aบรรณารักษ์ | |||
| คุณยังไม่ได้ล็อกอิน คุณสามารถมีกิจกรรมร่วมกับเว็บไซต์ได้ แต่ต้องล็อกอินก่อน :: |
|
| สถานะ | |||||||||
| 1. | หนังสือ | WS300 S959 2568 c.1 Barcode: 087739 | ►หนังสือทั่วไป | On Shelf *รอนำขึ้นชั้น | |||||
| 2. | หนังสือ | WS300 S959 2568 c.2 Barcode: 087740 | ►หนังสือทั่วไป | On Shelf *รอนำขึ้นชั้น | |||||
| 3. | หนังสือ | WS300 S959 2568 c.3 Barcode: 087741 | ►หนังสือทั่วไป | On Shelf *รอนำขึ้นชั้น | |||||
| 4. | หนังสือ | WS300 S959 2568 c.4 Barcode: 087742 | ►หนังสือทั่วไป | On Shelf *รอนำขึ้นชั้น | |||||
| 5. | หนังสือ | WS300 S959 2568 c.5 Barcode: 087743 | ►หนังสือทั่วไป | On Shelf *รอนำขึ้นชั้น | |||||
| 6. | หนังสือ | WS300 S959 2568 c.6 Barcode: 087744 | ►หนังสือทั่วไป | On Shelf *รอนำขึ้นชั้น | |||||
| 7. | หนังสือ | WS300 S959 2568 c.7 Barcode: 087745 | ►หนังสือทั่วไป | On Shelf *รอนำขึ้นชั้น | |||||
| 8. | หนังสือ | WS300 S959 2568 c.8 Barcode: 087746 | ►หนังสือทั่วไป | On Shelf *รอนำขึ้นชั้น | |||||
| 9. | หนังสือ | WS300 S959 2568 c.9 Barcode: 087747 | ►หนังสือทั่วไป | On Shelf *รอนำขึ้นชั้น | |||||
| 10. | หนังสือ | WS300 S959 2568 c.10 Barcode: 087748 | ►หนังสือทั่วไป | On Shelf *รอนำขึ้นชั้น | |||||
| [แสดง 10/10 รายการ] | |||||||||
BibComment |
| คอมเมนท์ทรัพยากรรายการนี้ |
|
|